| 000 | 00658cab a2200241 4500 | ||
|---|---|---|---|
| 001 | X1482 | ||
| 008 | 090401t1994 xxu||||| |||| 00| 0 eng d | ||
| 035 | _a(Sirsi) u17336 | ||
| 041 | _aeng | ||
| 245 | _aComplaints from clients to be investigated | ||
| 260 | _c1994 | ||
| 350 | _a0 | ||
| 490 |
_aCSM (Chartered Surveyor Monthly) _v3(8) May 1994, 7(1) |
||
| 650 | _aDUTY TO CLIENT | ||
| 650 | _aPROFESSIONAL COMPETENCE | ||
| 650 | _aPROFESSIONAL CONDUCT | ||
| 650 | _aPROFESSIONAL ETHICS | ||
| 650 | _aRICS | ||
| 650 | _aUNDER PERFORMANCE | ||
| 690 | _aMANAGEMENT-BUSINESS MANAGEMENT-PROFESSIONAL PRACTICE | ||
| 942 | _n0 | ||
| 948 | _c04/03/1997 | ||
| 999 |
_c11499 _d11499 |
||